Lipidické membrány na tenkovrstvových elektródových mikrosystémoch, možnosti ich modifikácie pre senzorické aplikácie : Diplomová práca /

Salvato in:
Dettagli Bibliografici
Autore principale: Šustek, Marián (Autore)
Altri autori: Řeháček, Vlastimil, 1957- (Relatore della tesi), Ziegler, W. (Relatore della tesi)
Natura: Manoscritto Libro
Pubblicazione: Bratislava : STU v Bratislave FEI, 1997
Soggetti:
Tags: Aggiungi Tag
Nessun Tag, puoi essere il primo ad aggiungerne!!

MARC

LEADER 00000ntm a22000003a 4500
001 stu9865
005 20160719164954.9
008 970625s1997----------------------------d
040 |a STU  |b slo 
041 0
100 1 |a Šustek, Marián  |4 aut 
245 1 |a Lipidické membrány na tenkovrstvových elektródových mikrosystémoch, možnosti ich modifikácie pre senzorické aplikácie :  |b Diplomová práca /  |c [aut.] řustek,Marián; Škol. Řeháček,V.; Ziegler,W 
260 |a Bratislava :  |b STU v Bratislave FEI,  |c 1997 
300 |a 50 s 
650 7 |a elektronika  |2 stusub 
700 1 |a Řeháček, Vlastimil,  |d 1957-  |4 ths  |u E030  |U FEI Fakulta elektrotechniky a informatiky  |T FEI Ústav elektroniky a fotoniky  |X 4232  |U E030  |Y 549  |7 A000004232 
700 1 |a Ziegler, W.  |4 ths